[Event "Ekstraliga 2019"]
[Site "Katowice"]
[Date "2019.09.04"]
[Round "8.23"]
[White "Kantans, Toms"]
[Black "Szustakowski, Antoni"]
[Result "1/2-1/2"]
[BlackElo "2256"]
[WhiteElo "2490"]
[WhiteTeam "Akademia Szachowa Gliwice"]
[BlackTeam "Baszta MOS Znin"]
[LiveChessVersion "1.4.8"]

1. e4 {[%clk 1:30:55]} e6 {[%clk 1:30:52]} 2. d4 {[%clk 1:31:01]} d5
{[%clk 1:31:16]} 3. Nd2 {[%clk 1:31:27]} c5 {[%clk 1:31:42]} 4. exd5
{[%clk 1:31:17]} Qxd5 {[%clk 1:32:05]} 5. Ngf3 {[%clk 1:31:43]} cxd4
{[%clk 1:32:27]} 6. Bc4 {[%clk 1:32:06]} Qd7 {[%clk 1:32:53]} 7. O-O
{[%clk 1:32:19]} Nc6 {[%clk 1:33:18]} 8. Nb3 {[%clk 1:32:43]} Nf6
{[%clk 1:33:43]} 9. Qe2 {[%clk 1:32:51]} a6 {[%clk 1:34:08]} 10. a4
{[%clk 1:33:14]} Bd6 {[%clk 1:34:34]} 11. Bg5 {[%clk 1:33:08]} O-O
{[%clk 1:26:42]} 12. Rad1 {[%clk 1:33:30]} e5 {[%clk 1:25:03]} 13. Bxf6
{[%clk 1:20:01]} gxf6 {[%clk 1:25:21]} 14. c3 {[%clk 1:20:26]} Qe7
{[%clk 1:03:20]} 15. cxd4 {[%clk 1:00:46]} exd4 {[%clk 0:58:30]} 16. Qd2
{[%clk 0:37:29]} Ne5 {[%clk 0:53:01]} 17. Bd5 {[%clk 0:36:30]} Nxf3+
{[%clk 0:45:58]} 18. Bxf3 {[%clk 0:36:52]} Qe5 {[%clk 0:46:25]} 19. g3
{[%clk 0:36:32]} Rd8 {[%clk 0:46:52]} 20. Rfe1 {[%clk 0:27:08]} Qg5
{[%clk 0:46:51]} 21. Qxd4 {[%clk 0:27:16]} Be6 {[%clk 0:46:27]} 22. Qb6
{[%clk 0:27:29]} Be7 {[%clk 0:40:43]} 23. Qxb7 {[%clk 0:24:11]} Bf8
{[%clk 0:41:00]} 24. Nd4 {[%clk 0:23:48]} Bd5 {[%clk 0:41:04]} 25. Bxd5
{[%clk 0:17:34]} Qxd5 {[%clk 0:41:23]} 26. Nc6 {[%clk 0:17:45]} Qxd1
{[%clk 0:41:28]} 27. Rxd1 {[%clk 0:18:10]} Rxd1+ {[%clk 0:41:54]} 28. Kg2
{[%clk 0:18:35]} Re8 {[%clk 0:42:10]} 29. Qxa6 {[%clk 0:18:39]} Re6
{[%clk 0:38:34]} 30. Qc4 {[%clk 0:17:37]} f5 {[%clk 0:38:22]} 31. b4
{[%clk 0:16:50]} Rd2 {[%clk 0:37:41]} 32. Qf4 {[%clk 0:12:44]} Bh6
{[%clk 0:37:26]} 33. Qf3 {[%clk 0:03:18]} Be3 {[%clk 0:27:12]} 34. b5
{[%clk 0:03:44]} f4 {[%clk 0:25:06]} 35. gxf4 {[%clk 0:02:32]} Bxf2
{[%clk 0:25:06]} 36. Qxf2 {[%clk 0:02:05]} Ree2 {[%clk 0:25:32]} 37. Qxe2
{[%clk 0:02:33]} Rxe2+ {[%clk 0:25:57]} 38. Kg3 {[%clk 0:01:26]} Rb2
{[%clk 0:25:48]} 39. h4 {[%clk 0:01:41]} f5 {[%clk 0:25:10]} 40. Ne7+
{[%clk 0:30:49]} Kf8 {[%clk 0:54:17]} 41. Nxf5 {[%clk 0:27:04]} Rb4
{[%clk 0:54:25]} 42. Kf3 {[%clk 0:22:07]} Rxa4 {[%clk 0:54:17]} 43. Ke3
{[%clk 0:22:33]} Rb4 {[%clk 0:49:09]} 44. Nd4 {[%clk 0:22:58]} Kf7
{[%clk 0:49:22]} 45. Ke4 {[%clk 0:22:39]} Kf6 {[%clk 0:45:15]} 46. Kd5
{[%clk 0:23:03]} Rb1 {[%clk 0:45:21]} 47. Kc5 {[%clk 0:21:25]} Rc1+
{[%clk 0:45:29]} 48. Kd5 {[%clk 0:21:48]} Rb1 {[%clk 0:45:55]} 49. Kc5
{[%clk 0:22:08]} Rc1+ {[%clk 0:46:22]} 50. Kd5 {[%clk 0:22:25]} 1/2-1/2

[Event "Ekstraliga 2019"]
[Site "Katowice"]
[Date "2019.09.04"]
[Round "8.25"]
[White "Matuszewski, Michal"]
[Black "Kuzmicz, Krystian"]
[Result "1-0"]
[BlackElo "2461"]
[WhiteElo "2518"]
[WhiteTeam "KSz Dwie Wieze Krakow"]
[BlackTeam "Bialy Krol Wisznia Mala"]
[LiveChessVersion "1.4.8"]

1. d4 {[%clk 1:30:54]} g6 {[%clk 1:30:53]} 2. c4 {[%clk 1:31:00]} Bg7
{[%clk 1:31:18]} 3. e4 {[%clk 1:30:48]} e6 {[%clk 1:31:39]} 4. Nc3
{[%clk 1:30:40]} Ne7 {[%clk 1:32:01]} 5. h4 {[%clk 1:22:33]} d5 {[%clk 1:30:34]}
6. Nf3 {[%clk 1:14:05]} h6 {[%clk 1:29:55]} 7. Bf4 {[%clk 1:09:42]} dxe4
{[%clk 1:03:44]} 8. Nxe4 {[%clk 1:10:01]} Nbc6 {[%clk 1:04:07]} 9. Qd2
{[%clk 1:07:34]} Nxd4 {[%clk 0:55:50]} 10. O-O-O {[%clk 0:37:05]} Nec6
{[%clk 0:54:30]} 11. Nc3 {[%clk 0:30:27]} Nxf3 {[%clk 0:30:25]} 12. Qxd8+
{[%clk 0:30:30]} Nxd8 {[%clk 0:30:54]} 13. Nb5 {[%clk 0:29:37]} Nd4
{[%clk 0:29:12]} 14. Nxd4 {[%clk 0:24:21]} c6 {[%clk 0:26:26]} 15. Nf3
{[%clk 0:24:12]} c5 {[%clk 0:18:00]} 16. Ne5 {[%clk 0:24:04]} Nc6
{[%clk 0:15:39]} 17. Nxc6 {[%clk 0:23:07]} bxc6 {[%clk 0:16:08]} 18. Be3
{[%clk 0:23:07]} Rb8 {[%clk 0:12:00]} 19. Rd2 {[%clk 0:22:13]} Bd4
{[%clk 0:11:53]} 20. Bxd4 {[%clk 0:17:02]} cxd4 {[%clk 0:12:22]} 21. Rxd4
{[%clk 0:17:27]} c5 {[%clk 0:12:43]} 22. Rd2 {[%clk 0:17:44]} Bb7
{[%clk 0:12:26]} 23. Rh3 {[%clk 0:18:07]} Ke7 {[%clk 0:11:24]} 24. Ra3
{[%clk 0:18:14]} a6 {[%clk 0:10:58]} 25. Ra5 {[%clk 0:18:31]} Rhc8
{[%clk 0:08:45]} 26. g3 {[%clk 0:18:03]} Rc7 {[%clk 0:08:25]} 27. Be2
{[%clk 0:15:19]} g5 {[%clk 0:08:08]} 28. hxg5 {[%clk 0:13:51]} hxg5
{[%clk 0:08:37]} 29. a3 {[%clk 0:14:09]} f5 {[%clk 0:07:42]} 30. Kc2
{[%clk 0:13:30]} Be4+ {[%clk 0:06:19]} 31. Kc3 {[%clk 0:13:43]} Rb6
{[%clk 0:01:50]} 32. b4 {[%clk 0:13:04]} f4 {[%clk 0:02:01]} 33. gxf4
{[%clk 0:11:07]} gxf4 {[%clk 0:02:27]} 34. bxc5 {[%clk 0:11:25]} Rb1
{[%clk 0:02:01]} 35. Rd4 {[%clk 0:10:27]} Rc1+ {[%clk 0:01:47]} 36. Kd2
{[%clk 0:10:53]} Rc2+ {[%clk 0:02:01]} 37. Kd1 {[%clk 0:11:18]} Bh7
{[%clk 0:01:15]} 38. Rxa6 {[%clk 0:07:27]} f3 {[%clk 0:01:32]} 39. Bxf3
{[%clk 0:06:16]} Rxf2 {[%clk 0:02:00]} 40. Bg4 {[%clk 0:35:54]} Bg8
{[%clk 0:31:12]} 41. c6 {[%clk 0:33:25]} Rf8 {[%clk 0:29:03]} 42. c5
{[%clk 0:31:36]} Bf7 {[%clk 0:20:16]} 43. Rb6 {[%clk 0:30:30]} Kf6
{[%clk 0:14:27]} 44. Rd7 {[%clk 0:28:28]} Rcc8 {[%clk 0:14:48]} 45. c7
{[%clk 0:28:06]} Rh8 {[%clk 0:07:07]} 46. Kd2 {[%clk 0:26:39]} Ra8
{[%clk 0:07:11]} 47. a4 {[%clk 0:21:24]} Rh2+ {[%clk 0:06:04]} 48. Kc3
{[%clk 0:21:14]} 1-0

[Event "Ekstraliga 2019"]
[Site "Katowice"]
[Date "2019.09.04"]
[Round "8.26"]
[White "Brodowski, Piotr"]
[Black "Leniart, Arkadiusz"]
[Result "0-1"]
[BlackElo "2488"]
[WhiteElo "2430"]
[WhiteTeam "Bialy Krol Wisznia Mala"]
[BlackTeam "KSz Dwie Wieze Krakow"]
[LiveChessVersion "1.4.8"]

1. Nf3 {[%clk 1:30:57]} Nf6 {[%clk 1:30:38]} 2. c4 {[%clk 1:31:13]} e6
{[%clk 1:31:02]} 3. g3 {[%clk 1:31:37]} d5 {[%clk 1:31:25]} 4. Bg2
{[%clk 1:32:02]} dxc4 {[%clk 1:31:27]} 5. Qc2 {[%clk 1:27:19]} a6
{[%clk 1:23:00]} 6. a4 {[%clk 1:26:14]} Nc6 {[%clk 1:15:50]} 7. Qxc4
{[%clk 1:22:26]} Qd5 {[%clk 1:07:31]} 8. Na3 {[%clk 1:00:56]} b5 {[%clk 0:53:54]}
9. Qxd5 {[%clk 0:58:53]} exd5 {[%clk 0:53:43]} 10. d3 {[%clk 0:52:36]} b4
{[%clk 0:50:05]} 11. Nc2 {[%clk 0:52:13]} Na5 {[%clk 0:49:59]} 12. Bf4
{[%clk 0:47:35]} Nb3 {[%clk 0:46:37]} 13. Rb1 {[%clk 0:47:09]} Bd7
{[%clk 0:44:22]} 14. Nd2 {[%clk 0:43:25]} Nxd2 {[%clk 0:44:45]} 15. Kxd2
{[%clk 0:39:54]} b3 {[%clk 0:43:59]} 16. Nd4 {[%clk 0:24:19]} Bb4+
{[%clk 0:43:33]} 17. Kc1 {[%clk 0:24:46]} c5 {[%clk 0:40:19]} 18. Nxb3
{[%clk 0:24:52]} Bxa4 {[%clk 0:39:45]} 19. Na1 {[%clk 0:24:33]} O-O
{[%clk 0:35:42]} 20. Nc2 {[%clk 0:24:19]} Bxc2 {[%clk 0:23:47]} 21. Kxc2
{[%clk 0:24:46]} Rfe8 {[%clk 0:23:37]} 22. Bf3 {[%clk 0:23:24]} a5
{[%clk 0:19:19]} 23. Rhc1 {[%clk 0:23:18]} c4 {[%clk 0:16:27]} 24. dxc4
{[%clk 0:14:04]} dxc4 {[%clk 0:16:49]} 25. Rd1 {[%clk 0:12:54]} Rac8
{[%clk 0:15:13]} 26. Be3 {[%clk 0:13:04]} h5 {[%clk 0:12:37]} 27. Bd4
{[%clk 0:09:46]} Ng4 {[%clk 0:12:42]} 28. h3 {[%clk 0:04:56]} Nh2
{[%clk 0:12:30]} 29. Be3 {[%clk 0:04:40]} Nxf3 {[%clk 0:12:54]} 30. exf3
{[%clk 0:05:09]} Rcd8 {[%clk 0:10:46]} 31. h4 {[%clk 0:05:05]} f6
{[%clk 0:09:16]} 32. Rbc1 {[%clk 0:05:06]} Kf7 {[%clk 0:07:16]} 33. Rxd8
{[%clk 0:04:34]} Rxd8 {[%clk 0:07:43]} 34. Kb1 {[%clk 0:04:56]} Rc8
{[%clk 0:07:30]} 35. b3 {[%clk 0:04:22]} Ba3 {[%clk 0:04:33]} 36. Rxc4
{[%clk 0:02:45]} Rxc4 {[%clk 0:04:59]} 37. bxc4 {[%clk 0:03:14]} a4
{[%clk 0:05:10]} 38. Kc2 {[%clk 0:03:11]} Ke6 {[%clk 0:05:16]} 39. Kc3
{[%clk 0:03:25]} Kd6 {[%clk 0:05:07]} 40. g4 {[%clk 0:31:57]} g6 {[%clk 0:34:21]}
41. Bd4 {[%clk 0:23:25]} f5 {[%clk 0:33:59]} 42. gxf5 {[%clk 0:23:29]} gxf5
{[%clk 0:34:21]} 43. Bg7 {[%clk 0:16:07]} Ke6 {[%clk 0:28:50]} 44. Bh6
{[%clk 0:05:27]} Be7 {[%clk 0:27:03]} 45. Bf4 {[%clk 0:01:18]} Bxh4
{[%clk 0:26:20]} 46. Kb4 {[%clk 0:01:23]} Bxf2 {[%clk 0:26:28]} 47. Kxa4
{[%clk 0:01:49]} h4 {[%clk 0:26:43]} 48. Kb5 {[%clk 0:02:14]} Bg3
{[%clk 0:27:01]} 49. Be3 {[%clk 0:02:16]} h3 {[%clk 0:27:09]} 50. Bg1
{[%clk 0:02:44]} h2 {[%clk 0:26:48]} 0-1

[Event "Ekstraliga 2019"]
[Site "Katowice"]
[Date "2019.09.04"]
[Round "8.27"]
[White "Druska, Juraj"]
[Black "Skawinski, Arkadiusz"]
[Result "1-0"]
[BlackElo "2398"]
[WhiteElo "2460"]
[WhiteTeam "KSz Dwie Wieze Krakow"]
[BlackTeam "Bialy Krol Wisznia Mala"]
[LiveChessVersion "1.4.8"]

1. Nf3 {[%clk 1:30:52]} d5 {[%clk 1:30:56]} 2. g3 {[%clk 1:31:11]} Nf6
{[%clk 1:31:22]} 3. Bg2 {[%clk 1:31:32]} e6 {[%clk 1:31:49]} 4. O-O
{[%clk 1:31:54]} Be7 {[%clk 1:32:15]} 5. c4 {[%clk 1:31:58]} O-O {[%clk 1:32:40]}
6. d4 {[%clk 1:32:24]} dxc4 {[%clk 1:32:54]} 7. Ne5 {[%clk 1:32:44]} Nc6
{[%clk 1:33:16]} 8. Bxc6 {[%clk 1:33:06]} bxc6 {[%clk 1:33:43]} 9. Nxc6
{[%clk 1:33:29]} Qe8 {[%clk 1:34:11]} 10. Nxe7+ {[%clk 1:33:51]} Qxe7
{[%clk 1:34:38]} 11. Qa4 {[%clk 1:34:12]} e5 {[%clk 1:35:01]} 12. dxe5
{[%clk 1:34:37]} Qxe5 {[%clk 1:35:26]} 13. Nc3 {[%clk 1:35:02]} Be6
{[%clk 1:03:39]} 14. Bf4 {[%clk 1:35:11]} Qc5 {[%clk 0:58:33]} 15. Qb5
{[%clk 1:34:53]} Qxb5 {[%clk 0:41:35]} 16. Nxb5 {[%clk 1:35:17]} Rab8
{[%clk 0:40:52]} 17. Nxa7 {[%clk 0:49:45]} Rxb2 {[%clk 0:39:59]} 18. a4
{[%clk 0:46:27]} Nd5 {[%clk 0:36:00]} 19. Rfc1 {[%clk 0:26:49]} Nxf4
{[%clk 0:25:53]} 20. gxf4 {[%clk 0:27:18]} Rd8 {[%clk 0:25:01]} 21. f5
{[%clk 0:04:46]} Bxf5 {[%clk 0:24:33]} 22. Nc6 {[%clk 0:05:15]} Rd7
{[%clk 0:14:50]} 23. a5 {[%clk 0:04:42]} Be4 {[%clk 0:07:30]} 24. Rxc4
{[%clk 0:05:06]} Bxc6 {[%clk 0:07:56]} 25. Rxc6 {[%clk 0:05:32]} Rxe2
{[%clk 0:05:29]} 26. a6 {[%clk 0:05:57]} Re8 {[%clk 0:05:57]} 27. a7
{[%clk 0:06:23]} Ra8 {[%clk 0:06:24]} 28. Rb1 {[%clk 0:06:45]} g6
{[%clk 0:05:26]} 29. Rb8+ {[%clk 0:06:59]} Rd8 {[%clk 0:05:52]} 30. Rb7
{[%clk 0:04:41]} Rd7 {[%clk 0:05:38]} 31. Rcxc7 {[%clk 0:02:48]} Rxc7
{[%clk 0:06:04]} 32. Rxc7 {[%clk 0:03:15]} Kg7 {[%clk 0:06:28]} 33. Kg2
{[%clk 0:03:29]} g5 {[%clk 0:03:31]} 34. Kf3 {[%clk 0:03:02]} Kg6
{[%clk 0:01:00]} 35. Ke4 {[%clk 0:03:26]} Rd8 {[%clk 0:00:44]} 36. Rb7
{[%clk 0:02:32]} Ra8 {[%clk 0:01:10]} 37. Kd5 {[%clk 0:01:28]} h5
{[%clk 0:00:44]} 38. Kc6 {[%clk 0:01:45]} f5 {[%clk 0:00:37]} 39. Kb6
{[%clk 0:01:30]} f4 {[%clk 0:00:51]} 40. Rb8 {[%clk 0:31:55]} Rxa7
{[%clk 0:31:17]} 41. Kxa7 {[%clk 0:32:21]} Kf5 {[%clk 0:30:28]} 42. Rb3
{[%clk 0:23:38]} Kg4 {[%clk 0:15:37]} 43. Kb6 {[%clk 0:23:02]} f3
{[%clk 0:16:01]} 44. Kc5 {[%clk 0:23:27]} h4 {[%clk 0:16:02]} 45. Kd4
{[%clk 0:23:46]} Kh3 {[%clk 0:16:28]} 46. Ke3 {[%clk 0:20:44]} Kg2
{[%clk 0:14:15]} 47. Rb4 {[%clk 0:20:17]} 1-0

[Event "Ekstraliga 2019"]
[Site "Katowice"]
[Date "2019.09.04"]
[Round "8.28"]
[White "Luch, Michal"]
[Black "Nguyen, Piotr"]
[Result "1/2-1/2"]
[BlackElo "2409"]
[WhiteElo "2393"]
[WhiteTeam "Bialy Krol Wisznia Mala"]
[BlackTeam "KSz Dwie Wieze Krakow"]
[LiveChessVersion "1.4.8"]

1. e4 {[%clk 1:30:59]} g6 {[%clk 1:30:51]} 2. d4 {[%clk 1:31:23]} Bg7
{[%clk 1:31:16]} 3. Nc3 {[%clk 1:31:45]} d6 {[%clk 1:31:35]} 4. Be3
{[%clk 1:32:10]} a6 {[%clk 1:31:43]} 5. h4 {[%clk 1:32:36]} Nf6 {[%clk 1:29:57]}
6. f3 {[%clk 1:29:08]} h5 {[%clk 1:29:03]} 7. Qd2 {[%clk 1:27:18]} b5
{[%clk 1:28:54]} 8. Nh3 {[%clk 1:23:26]} Bxh3 {[%clk 1:29:00]} 9. Rxh3
{[%clk 1:23:51]} c6 {[%clk 1:15:19]} 10. e5 {[%clk 1:14:49]} b4 {[%clk 1:00:54]}
11. exf6 {[%clk 1:08:01]} bxc3 {[%clk 1:01:15]} 12. Qxc3 {[%clk 1:08:27]} Bxf6
{[%clk 0:57:00]} 13. Bg5 {[%clk 1:06:44]} Bg7 {[%clk 0:54:53]} 14. O-O-O
{[%clk 0:40:45]} Qb6 {[%clk 0:36:47]} 15. Bc4 {[%clk 0:24:07]} d5
{[%clk 0:30:36]} 16. Bb3 {[%clk 0:24:21]} Nd7 {[%clk 0:26:02]} 17. Ba4
{[%clk 0:18:44]} Rc8 {[%clk 0:25:25]} 18. Rhh1 {[%clk 0:12:54]} e6
{[%clk 0:22:06]} 19. Rhe1 {[%clk 0:11:58]} a5 {[%clk 0:19:55]} 20. Qa3
{[%clk 0:09:18]} Qb4 {[%clk 0:15:31]} 21. Qxb4 {[%clk 0:06:24]} 1/2-1/2

[Event "Ekstraliga 2019"]
[Site "Katowice"]
[Date "2019.09.04"]
[Round "8.29"]
[White "Mikrut, Dariusz"]
[Black "Butkiewicz, Lukasz"]
[Result "1/2-1/2"]
[BlackElo "2436"]
[WhiteElo "2375"]
[WhiteTeam "KSz Dwie Wieze Krakow"]
[BlackTeam "Bialy Krol Wisznia Mala"]
[LiveChessVersion "1.4.8"]

1. d4 {[%clk 1:30:57]} Nf6 {[%clk 1:30:55]} 2. c4 {[%clk 1:30:56]} e6
{[%clk 1:31:22]} 3. Nc3 {[%clk 1:31:21]} Bb4 {[%clk 1:31:16]} 4. e3
{[%clk 1:31:46]} c5 {[%clk 1:31:11]} 5. Nge2 {[%clk 1:32:01]} cxd4
{[%clk 1:29:35]} 6. exd4 {[%clk 1:32:23]} O-O {[%clk 1:29:54]} 7. a3
{[%clk 1:32:48]} Be7 {[%clk 1:30:16]} 8. Nf4 {[%clk 1:30:12]} d5 {[%clk 1:25:32]}
9. Be3 {[%clk 1:24:21]} dxc4 {[%clk 1:20:28]} 10. Bxc4 {[%clk 1:24:28]} Nc6
{[%clk 1:19:53]} 11. O-O {[%clk 1:15:34]} b6 {[%clk 1:07:20]} 12. Ba2
{[%clk 1:14:07]} Bb7 {[%clk 1:06:06]} 13. Re1 {[%clk 1:13:09]} Bd6
{[%clk 0:59:58]} 14. Nh5 {[%clk 1:10:03]} Nxh5 {[%clk 0:45:26]} 15. Qxh5
{[%clk 1:09:32]} g6 {[%clk 0:45:49]} 16. Qh3 {[%clk 1:02:49]} Re8
{[%clk 0:32:31]} 17. d5 {[%clk 0:51:50]} exd5 {[%clk 0:32:08]} 18. Nxd5
{[%clk 0:52:13]} Ne5 {[%clk 0:29:28]} 19. Rad1 {[%clk 0:50:56]} Bc8
{[%clk 0:28:10]} 20. Qg3 {[%clk 0:42:49]} Nd3 {[%clk 0:22:45]} 21. Qf3
{[%clk 0:40:15]} Nxe1 {[%clk 0:23:08]} 22. Nf6+ {[%clk 0:24:29]} Kh8
{[%clk 0:23:30]} 23. Qxa8 {[%clk 0:10:32]} Qxf6 {[%clk 0:23:45]} 24. Rxe1
{[%clk 0:10:51]} Bc5 {[%clk 0:19:49]} 25. Qxa7 {[%clk 0:10:05]} Kg7
{[%clk 0:19:18]} 26. Qc7 {[%clk 0:08:44]} Bf5 {[%clk 0:17:04]} 27. h3
{[%clk 0:08:28]} Re7 {[%clk 0:15:07]} 28. Qf4 {[%clk 0:05:06]} Bxe3
{[%clk 0:13:23]} 29. Rxe3 {[%clk 0:05:01]} 1/2-1/2

[Event "Ekstraliga 2019"]
[Site "Katowice"]
[Date "2019.09.04"]
[Round "8.30"]
[White "Bartel, Marta"]
[Black "Osmak, Iulija"]
[Result "1/2-1/2"]
[BlackElo "2414"]
[WhiteElo "2244"]
[WhiteTeam "Bialy Krol Wisznia Mala"]
[BlackTeam "KSz Dwie Wieze Krakow"]
[LiveChessVersion "1.4.8"]

1. d4 {[%clk 1:30:57]} e6 {[%clk 1:30:57]} 2. c4 {[%clk 1:31:14]} d5
{[%clk 1:31:22]} 3. Nf3 {[%clk 1:29:25]} c6 {[%clk 1:31:41]} 4. Qc2
{[%clk 1:29:15]} Bd6 {[%clk 1:31:50]} 5. g3 {[%clk 1:29:07]} f5 {[%clk 1:31:51]}
6. Bg2 {[%clk 1:29:26]} Nf6 {[%clk 1:32:13]} 7. O-O {[%clk 1:29:50]} O-O
{[%clk 1:32:26]} 8. Nc3 {[%clk 1:30:11]} Ne4 {[%clk 1:31:26]} 9. Rb1
{[%clk 1:25:33]} Nd7 {[%clk 1:31:04]} 10. b4 {[%clk 1:22:59]} b6 {[%clk 1:31:21]}
11. b5 {[%clk 1:18:42]} Nxc3 {[%clk 1:24:20]} 12. Qxc3 {[%clk 1:18:57]} Bb7
{[%clk 1:14:13]} 13. cxd5 {[%clk 0:56:56]} cxd5 {[%clk 1:14:22]} 14. Ba3
{[%clk 0:56:54]} Qe7 {[%clk 1:03:23]} 15. Bxd6 {[%clk 0:54:34]} Qxd6
{[%clk 1:03:50]} 16. Rfc1 {[%clk 0:50:28]} Rfc8 {[%clk 1:04:07]} 17. Qb3
{[%clk 0:46:09]} a6 {[%clk 1:03:42]} 18. a4 {[%clk 0:45:42]} Rc7 {[%clk 1:00:07]}
19. Rxc7 {[%clk 0:40:19]} Qxc7 {[%clk 1:00:31]} 20. Qe3 {[%clk 0:31:17]} Qd6
{[%clk 0:59:36]} 21. Qf4 {[%clk 0:25:27]} Qxf4 {[%clk 0:58:12]} 22. gxf4
{[%clk 0:25:29]} Rc8 {[%clk 0:54:06]} 23. e3 {[%clk 0:24:16]} h6 {[%clk 0:49:02]}
24. Bf1 {[%clk 0:21:03]} a5 {[%clk 0:47:49]} 25. Ne5 {[%clk 0:16:06]} Nxe5
{[%clk 0:47:02]} 26. fxe5 {[%clk 0:16:31]} Kf7 {[%clk 0:44:30]} 27. Rb2
{[%clk 0:15:22]} Ke7 {[%clk 0:40:05]} 28. Bd3 {[%clk 0:13:00]} Rc1+
{[%clk 0:39:29]} 29. Kg2 {[%clk 0:13:29]} Kd8 {[%clk 0:38:16]} 30. h4
{[%clk 0:09:56]} Rc3 {[%clk 0:34:08]} 31. Bc2 {[%clk 0:08:48]} g5
{[%clk 0:30:01]} 32. hxg5 {[%clk 0:09:07]} hxg5 {[%clk 0:30:27]} 33. Kf1
{[%clk 0:05:52]} Bc8 {[%clk 0:29:36]} 34. Ke2 {[%clk 0:06:10]} Rc7
{[%clk 0:29:41]} 35. Kd2 {[%clk 0:05:27]} Rh7 {[%clk 0:30:02]} 36. Rb1
{[%clk 0:05:07]} Rh2 {[%clk 0:29:43]} 37. Ke2 {[%clk 0:05:19]} Bd7
{[%clk 0:29:40]} 38. Rg1 {[%clk 0:05:37]} g4 {[%clk 0:29:42]} 39. Kf1
{[%clk 0:04:41]} Be8 {[%clk 0:29:42]} 40. Rg2 {[%clk 0:33:41]} Rh7
{[%clk 0:57:04]} 41. Rg1 {[%clk 0:32:02]} Rh2 {[%clk 0:44:45]} 1/2-1/2

[Event "Ekstraliga 2019"]
[Site "Katowice"]
[Date "2019.09.05"]
[Round "9.1"]
[White "Kuzmicz, Krystian"]
[Black "Mista, Aleksander"]
[Result "1/2-1/2"]
[BlackElo "2599"]
[WhiteElo "2461"]
[WhiteTeam "Bialy Krol Wisznia Mala"]
[BlackTeam "Wieza Pegow"]
[LiveChessVersion "1.4.8"]

1. Nf3 {[%clk 1:30:49]} d5 {[%clk 1:30:15]} 2. e3 {[%clk 1:29:57]} Nf6
{[%clk 1:29:41]} 3. c4 {[%clk 1:29:23]} e6 {[%clk 1:30:06]} 4. b3
{[%clk 1:29:42]} Be7 {[%clk 1:29:31]} 5. Bb2 {[%clk 1:30:08]} O-O
{[%clk 1:29:56]} 6. Be2 {[%clk 1:30:16]} c5 {[%clk 1:29:25]} 7. O-O
{[%clk 1:29:34]} b6 {[%clk 1:26:41]} 8. d4 {[%clk 1:28:45]} Bb7 {[%clk 1:25:21]}
9. Nc3 {[%clk 1:27:45]} cxd4 {[%clk 1:24:18]} 10. Nxd4 {[%clk 1:27:08]} dxc4
{[%clk 1:23:25]} 11. Bxc4 {[%clk 1:26:58]} Nc6 {[%clk 1:23:28]} 12. Nxc6
{[%clk 1:26:32]} Bxc6 {[%clk 1:22:37]} 13. Qxd8 {[%clk 1:20:31]} Rfxd8
{[%clk 1:23:02]} 14. Rfd1 {[%clk 1:20:49]} Kf8 {[%clk 1:22:00]} 15. Kf1
{[%clk 1:19:11]} Rxd1+ {[%clk 1:18:04]} 16. Rxd1 {[%clk 1:19:39]} Rd8
{[%clk 1:18:21]} 17. Rxd8+ {[%clk 1:18:30]} Bxd8 {[%clk 1:18:40]} 18. f3
{[%clk 1:09:17]} g5 {[%clk 1:12:50]} 19. Nb5 {[%clk 1:02:13]} a6 {[%clk 1:04:31]}
20. Nd4 {[%clk 0:50:42]} Bb7 {[%clk 1:04:29]} 21. Bxe6 {[%clk 0:40:52]} fxe6
{[%clk 1:04:53]} 22. Nxe6+ {[%clk 0:41:19]} Ke7 {[%clk 1:05:20]} 23. Nxd8
{[%clk 0:40:23]} Ba8 {[%clk 1:05:44]} 24. Be5 {[%clk 0:40:30]} b5
{[%clk 0:49:21]} 25. Bc7 {[%clk 0:29:47]} Nd5 {[%clk 0:49:46]} 26. Ba5
{[%clk 0:30:14]} Nxe3+ {[%clk 0:50:12]} 27. Kf2 {[%clk 0:30:32]} Nf5
{[%clk 0:48:41]} 28. Bb6 {[%clk 0:29:12]} h6 {[%clk 0:46:24]} 29. Ba5
{[%clk 0:28:21]} Bd5 {[%clk 0:45:14]} 30. Bb6 {[%clk 0:28:04]} Nh4
{[%clk 0:39:46]} 31. Ba5 {[%clk 0:23:49]} Ng6 {[%clk 0:38:52]} 32. Ke3
{[%clk 0:22:56]} Ba8 {[%clk 0:37:37]} 33. Kd4 {[%clk 0:17:02]} Nh4
{[%clk 0:32:25]} 34. Ke5 {[%clk 0:08:37]} Nxg2 {[%clk 0:29:49]} 35. Ne6
{[%clk 0:08:54]} Nh4 {[%clk 0:28:44]} 36. Nd4 {[%clk 0:08:50]} Ng6+
{[%clk 0:26:45]} 37. Kf5 {[%clk 0:09:14]} Kf7 {[%clk 0:27:05]} 38. Kg4
{[%clk 0:08:04]} Ne5+ {[%clk 0:22:42]} 39. Kh5 {[%clk 0:06:07]} Kg7
{[%clk 0:20:51]} 40. f4 {[%clk 0:32:32]} gxf4 {[%clk 0:48:43]} 41. Ne6+
{[%clk 0:32:29]} Kf6 {[%clk 0:49:08]} 42. Nxf4 {[%clk 0:32:43]} Kf5
{[%clk 0:49:27]} 43. Bd2 {[%clk 0:31:33]} Nf3 {[%clk 0:44:12]} 44. Bc1
{[%clk 0:28:14]} Nxh2 {[%clk 0:43:22]} 45. Nd3 {[%clk 0:27:40]} Ng4
{[%clk 0:42:30]} 46. a4 {[%clk 0:22:22]} Bd5 {[%clk 0:39:14]} 47. Nc5
{[%clk 0:22:07]} bxa4 {[%clk 0:35:17]} 48. bxa4 {[%clk 0:22:36]} Bf7+
{[%clk 0:35:37]} 49. Kh4 {[%clk 0:23:05]} Bc4 {[%clk 0:36:02]} 50. Kh5
{[%clk 0:22:54]} Bf7+ {[%clk 0:31:47]} 51. Kh4 {[%clk 0:23:20]} h5
{[%clk 0:31:27]} 52. Nxa6 {[%clk 0:22:58]} Ne5 {[%clk 0:31:44]} 53. Nc7
{[%clk 0:20:56]} Nc4 {[%clk 0:28:15]} 1/2-1/2